[Event "IECC TH-M email"]
[Site "IECC email"]
[Date "1999.06.30"]
[Round "?"]
[White "Coulter, Douglas"]
[Black "Nagley, Tim"]
[Result "0-1"]
[WhiteElo "1664"]
[BlackElo "1958"]
[PlyCount "62"]
[EventDate "1999.??.??"]
[EventType "match (corr)"]
[EventRounds "2"]
[SourceTitle "Corr 2008"]
[Source "ChessBase"]
[SourceDate "2008.06.24"]
[SourceVersion "1"]
[SourceVersionDate "2008.06.24"]
[SourceQuality "1"]

1. e4 e5 2. Nc3 Nc6 3. Bc4 Nf6 4. d3 Bc5 5. f4 d6 6. Nf3 Bg4 7. Na4 Bb6 8. Nxb6 axb6 9. 0-0 exf4 10. Bxf4 0-0 11. Qd2 Na5 12. Bb3 Re8 13. Qf2 Ra6 14. Qh4 Nxb3 15. cxb3 Bxf3 16. Rxf3 Nd7 17. Bg5 f6 18. Bd2 Qe7 19. Rh3 Nf8 20. a3 d5 21. Re1 Qc5+ 22. Be3 Qc2 23. Qf2 Qxb3 24. Rg3 dxe4 25. dxe4 Ng6 26. Bd4 Qe6 27. Qc2 c5 28. Bc3 b5 29. Qe2 b4 30. axb4 cxb4 31. Bxb4 Qb6+ 0-1

[Event "IECC CL4-1999.25"]
[Site "IECC email"]
[Date "1999.06.21"]
[Round "?"]
[White "Coulter, Douglas"]
[Black "Mano, Alexandre"]
[Result "1/2-1/2"]
[WhiteElo "1659"]
[BlackElo "1729"]
[PlyCount "44"]
[EventDate "1999.??.??"]
[EventType "tourn (corr)"]
[EventRounds "4"]
[SourceTitle "Corr 2008"]
[Source "ChessBase"]
[SourceDate "2008.06.24"]
[SourceVersion "1"]
[SourceVersionDate "2008.06.24"]
[SourceQuality "1"]

1. d4 Nf6 2. Nf3 e6 3. g3 b5 4. Bg2 Bb7 5. 0-0 c5 6. c4 bxc4 7. Na3 d5 8. Ne5 Nc6 9. Nxc6 Bxc6 10. Nxc4 cxd4 11. Ne5 Qb6 12. Nxc6 Qxc6 13. Qxd4 Bc5 14. Qh4 Qb5 15. e3 0-0 16. b3 Rfc8 17. Bb2 Be7 18. Rfc1 Qe2 19. Qd4 Ne8 20. Bf1 Qf3 21. Bg2 Qe2 22. Bf1 Qf3 1/2-1/2

[Event "IECC CL4-1999.06"]
[Site "IECC email"]
[Date "1998.12.12"]
[Round "?"]
[White "Wedgeworth, Sam C"]
[Black "Coulter, Douglas"]
[Result "1-0"]
[WhiteElo "1616"]
[BlackElo "1759"]
[PlyCount "55"]
[EventDate "1999.??.??"]
[EventType "tourn (corr)"]
[EventRounds "4"]
[SourceTitle "Corr 2008"]
[Source "ChessBase"]
[SourceDate "2008.06.24"]
[SourceVersion "1"]
[SourceVersionDate "2008.06.24"]
[SourceQuality "1"]

1. e4 c5 2. Nf3 e6 3. d4 cxd4 4. Nxd4 a6 5. c4 Qc7 6. Nc3 Nf6 7. Be2 b6 8. Be3 d6 9. 0-0 Be7 10. f4 Nbd7 11. b4 Bb7 12. Qd3 0-0 13. Rac1 Rac8 14. Rfd1 Qb8 15. Bf3 Rfd8 16. Bf2 Bf8 17. Nce2 d5 18. cxd5 exd5 19. e5 Ne4 20. Bh4 Re8 21. Nf5 Nxe5 22. fxe5 Qxe5 23. Rxc8 Rxc8 24. Bxe4 dxe4 25. Qd7 Qb8 26. Nh6+ Kh8 27. Qxf7 Bd6 28. Qg8+ 1-0

[Event "IECC CL4-1998.21"]
[Site "IECC email"]
[Date "1998.07.04"]
[Round "?"]
[White "Coulter, Douglas"]
[Black "Popp, Tony"]
[Result "1/2-1/2"]
[WhiteElo "1762"]
[BlackElo "1641"]
[PlyCount "84"]
[EventDate "1998.??.??"]
[EventType "tourn (corr)"]
[EventRounds "4"]
[SourceTitle "Corr 2008"]
[Source "ChessBase"]
[SourceDate "2008.06.24"]
[SourceVersion "1"]
[SourceVersionDate "2008.06.24"]
[SourceQuality "1"]

1. d4 Nf6 2. Nf3 d5 3. e3 c5 4. b3 cxd4 5. exd4 Nc6 6. Bb2 Bg4 7. Be2 e6 8. Nbd2 Bd6 9. 0-0 Qc7 10. c4 0-0 11. Ne5 Bf5 12. Ndf3 Nd7 13. Nxd7 Qxd7 14. Rc1 Bf4 15. Ra1 Rac8 16. Bd3 Bg4 17. h3 Bh5 18. Qe2 Nb4 19. c5 Nxd3 20. Qxd3 Bg6 21. Qe2 f6 22. Bc1 Bxc1 23. Raxc1 Rfe8 24. Rfe1 Re7 25. Rc3 Rce8 26. Re3 Bf7 27. b4 Qc7 28. Qb2 h6 29. a4 a6 30. Qc3 Rb8 31. Nd2 Rbe8 32. Nf3 Rb8 33. b5 axb5 34. axb5 Ra8 35. Ra1 Ree8 36. Qb2 Rxa1+ 37. Qxa1 Rb8 38. Ra3 Be8 39. Qb2 Qc8 40. Ne1 Ra8 41. Nc2 Rxa3 42. Nxa3 Qc7 1/2-1/2

[Event "IECC CL3-1998.02"]
[Site "IECC email"]
[Date "1997.12.15"]
[Round "?"]
[White "Coulter, Douglas"]
[Black "Nowicki, Andrzej"]
[Result "1-0"]
[WhiteElo "1764"]
[BlackElo "1906"]
[PlyCount "89"]
[EventDate "1998.??.??"]
[EventType "tourn (corr)"]
[EventRounds "4"]
[SourceTitle "Corr 2008"]
[Source "ChessBase"]
[SourceDate "2008.06.24"]
[SourceVersion "1"]
[SourceVersionDate "2008.06.24"]
[SourceQuality "1"]

1. d4 d5 2. c4 Bf5 3. Nf3 e6 4. Qb3 Nc6 5. c5 Qd7 6. Bf4 Nge7 7. e3 0-0-0 8. Bb5 f6 9. 0-0 g5 10. Bg3 Bg4 11. Nfd2 h5 12. f3 Bf5 13. Bf2 e5 14. Nc3 a6 15. Be2 g4 16. Qa4 Nb8 17. Qxd7+ Rxd7 18. b4 Bh6 19. Nb3 gxf3 20. Bxf3 e4 21. Be2 Bg4 22. Rfe1 Nf5 23. Bf1 Rg8 24. Nxd5 Rxd5 25. Bc4 c6 26. Bxd5 cxd5 27. Kf1 h4 28. Na5 h3 29. g3 Nh4 30. gxh4 f5 31. Bg3 f4 32. exf4 Rf8 33. Re3 Bxf4 34. Bxf4 Rxf4+ 35. Ke1 Bf3 36. Rc1 Rg4 37. Rc2 Rxh4 38. Rf2 Nc6 39. Nxc6 bxc6 40. Kd2 Rg4 41. Re1 Kc7 42. Ke3 Rg8 43. a3 Kb7 44. Ref1 a5 45. Rxf3 1-0